عرض عادي عرض مارك
  • الإنترنت

مدخل مصطلح موضوعي

عدد التسجيلات المستخدمة في: 1

001 - رقم الضبط

  • حقل الضبط: 4344

003 - معرف رقم الضبط

  • حقل الضبط: OSt

005 - تاريخ ووقت أخر عملية

  • حقل الضبط: 20110912202015.0

008 - عناصر بيانات ثابتة الطول

  • حقل تحكم ثابت الطول: 110912|||a|||||| | ||| d

040 ## - مصدر الفهرسة

  • هيئة الفهرسة الأصلية: OSt
  • وكالة الكتابة: OSt

150 ## - مدخل-- مصطلح تاريخي

  • عنصر مدخل المصطلح الموضوعي او الاسم الجغرافي: الإنترنت
  • تفريع شكلي: أدلة

670 ## - بيانات المصدر موجوده

  • الاستشهاد بالمصدر: Work cat.: (OSt)9018: العامري، خالد فاروق 4339, دليل مواقع دول مجلس التعاون الخليجي على الإنترنت /, 2002